| 000 | 01869nam a2200289Ia 4500 | ||
|---|---|---|---|
| 999 |
_c55602 _d55602 |
||
| 001 | 22697 | ||
| 003 | GE_BSU | ||
| 005 | 20230421122142.0 | ||
| 008 | 181216s||||||||xx |||||||||||||| ||und|| | ||
| 020 | _a9789941956584 | ||
| 040 | _cGE_BSU | ||
| 041 | _ageo | ||
| 080 | _a005:656.6(479.22) გ-12 | ||
| 100 |
_aგაბედავა, გიორგი _917711 |
||
| 245 |
_aსაქართველოს საზღვაო ტრანსპორტის მენეჯმენტის მენეჯმენტის ეფექტიანობის გამოკვლევა და სრულყოფის მიმართულებები : _bმონოგრაფია / _cგიორგი გაბედავა ; რედ. გოდერძი ტყეშელაშვილი. |
||
| 264 |
_aთბილისი : _bკალმოსანი, _c2018. |
||
| 300 |
_a144 გვ. ; _c20 სმ. _eცხრილები, დიაგრამები. |
||
| 500 | _aსათაური დამატებით ფურცელი ინგლისურ ენაზე | ||
| 501 | _aაბსტრაქტი ინგისურ ენაზე | ||
| 504 | _aბიბლიოგრ. : გვ. 140-143 | ||
| 541 | _h6ლ. | ||
| 653 | _aმენეჯმენტი | ||
| 653 | _aსაზღვაო ტრანსპორტის მენეჯმენტი | ||
| 653 | _aსაქართველოს საზღვაო ტრანსპორტის მენეჯმენტის ეფექტიანობის გამოკვლევა და სრულყოფის მიმართულებები | ||
| 700 |
_aტყეშელაშვილი, გოდერძი _eრედაქტორი _97734 |
||
| 942 |
_cBK _2udc |
||